000 00522nam a2200181 i 4500
001 58167
003 ES-MaACL
005 20240429131034.0
007 t|
008 031021s1931 fr ||||1| fre d
100 1 _aDumesnil, René.
_945998
245 1 3 _aLa publication d'En Route de J.K. Huysmans /
_cRené Dumesnil.
260 _aParís :
_b[s.n.,
_c1931] (
_fF. Paillart)
300 _a155 p. ;
_c19 cm.
600 1 4 _aHuysmans, Joris-Karl,
_d1848-1907
_964869
852 _aES-MaACL
_jA-3166
999 _c58167
_d58167